The Encyclopedia of chemistry (Record no. 61575)

000 -LEADER
fixed length control field 00687nam a22002057a 4500
003 - CONTROL NUMBER IDENTIFIER
control field NUST-PNEC
005 - DATE AND TIME OF LATEST TRANSACTION
control field 20170116180725.0
008 - FIXED-LENGTH DATA ELEMENTS--GENERAL INFORMATION
fixed length control field 141031b xxu||||| |||| 00| 0 eng d
040 ## - CATALOGING SOURCE
Transcribing agency PNEC
082 ## - DEWEY DECIMAL CLASSIFICATION NUMBER
Classification number 540.03 CLA
100 ## - MAIN ENTRY--PERSONAL NAME
9 (RLIN) 906
Personal name Clark, George L.
245 ## - TITLE STATEMENT
Title The Encyclopedia of chemistry
Statement of responsibility, etc. George L. Clark
250 ## - EDITION STATEMENT
Edition statement 2nd ed.
260 ## - PUBLICATION, DISTRIBUTION, ETC.
Place of publication, distribution, etc. New York
Name of publisher, distributor, etc. Reinhold Publishing Corporation
Date of publication, distribution, etc. c1966.
300 ## - PHYSICAL DESCRIPTION
Extent 1144 p. :
Dimensions 26 cm.
500 ## - GENERAL NOTE
General note Includes Index
650 ## - SUBJECT ADDED ENTRY--TOPICAL TERM
General subdivision ME
856 ## - ELECTRONIC LOCATION AND ACCESS
Uniform Resource Identifier <a href="http://www.amazon.com/Encyclopedia-Chemistry-George-L-Clark/dp/B000M7YCLY/ref=sr_1_2?s=books&ie=UTF8&qid=1414754030&sr=1-2&keywords=ENCYCLOPEDIA+OF+CHEMISTRY+BY+CLARK">http://www.amazon.com/Encyclopedia-Chemistry-George-L-Clark/dp/B000M7YCLY/ref=sr_1_2?s=books&ie=UTF8&qid=1414754030&sr=1-2&keywords=ENCYCLOPEDIA+OF+CHEMISTRY+BY+CLARK</a>
942 ## - ADDED ENTRY ELEMENTS (KOHA)
Source of classification or shelving scheme
Koha item type Book
Holdings
Withdrawn status Lost status Source of classification or shelving scheme Damaged status Not for loan Permanent Location Current Location Shelving location Date acquired Total Checkouts Full call number Barcode Date last seen Price effective from Koha item type
          Pakistan Navy Engineering College (PNEC) Pakistan Navy Engineering College (PNEC) Reference     540.03 CLA PNECLIB-002181 10/31/2014   Book
© 2023 Central Library, National University of Sciences and Technology. All Rights Reserved.